DTM Fahrer 2016 - Statistiken

Allgemein
  • Dieses Quiz wurde 7 mal gespielt
  • Das Durchschnittsergebnis liegt bei 19 aus 28
Antwortstatistiken
Team Nummer Marke Nation Fahrer % Korrekt
BMW Team MTEK 18 BMW Brasilien Augusto Farfus
100%
Mercedes-AMG DTM Team ART 2 Mercedes Großbritannien Gary Paffett
100%
BMW Team RMG 11 BMW Deutschland Marco Wittmann
100%
Audi Sport Team Abt Sportsline(8) 5 Audi Schweden Mattias Ekström
100%
BMW Team MTEK 7 BMW Kanada Bruno Spengler
86%
Audi Sport Team Abt Sportsline 48 Audi Italien Edoardo Mortara
86%
Audi Sport Team Rosberg 53 Audi Großbritannien Jamie Green
86%
Mercedes-AMG DTM Team Mücke 22 Mercedes Österreich Lucas Auer
86%
BMW Team Schnitzer 100 BMW Deutschland Martin Tomczyk
86%
Audi Sport Team Abt Sportsline(1) 99 Audi Deutschland Mike Rockenfeller
86%
Audi Sport Team Phoenix(8) 99 Audi Deutschland Mike Rockenfeller
86%
Audi Sport Team Abt 51 Audi Schweiz Nico Müller
86%
Audi Sport Team Phoenix 10 Audi Deutschland Timo Scheider
86%
BMW Team Schnitzer 13 BMW Portugal Antonio Felix da Costa
71%
BMW Team RBM 36 BMW Belgien Maxime Martin
71%
Mercedes-AMG DTM Team HWA 6 Mercedes Kanada Robert Wickens
71%
Mercedes-AMG DTM Team HWA 12 Mercedes Spanien Daniel Juncadella
57%
Mercedes-AMG DTM Team HWA 3 Mercedes Großbritannien Paul di Resta
57%
BMW Team RMG 16 BMW Deutschland Timo Glock
57%
Mercedes-AMG DTM Team Mücke 8 Mercedes Deutschland Christian Vietoris
43%
Mercedes-AMG DTM Team ART(4) 88 Mercedes Schweden Felix Rosenqvist
43%
Audi Sport Team Abt 17 Audi Spanien Miguel Molina
43%
Audi Sport Team Rosberg(0,5) 72 Audi Deutschland Rene Rast
43%
Audi Sport Team Phoenix(1) 72 Audi Deutschland Rene Rast
43%
Audi Sport Team Rosberg(8,5) 27 Audi Frankreich Adrien Tambay
29%
Mercedes-AMG DTM Team ART(5) 34 Mercedes Frankreich Esteban Ocon
29%
Mercedes-AMG DTM Team HWA 84 Mercedes Deutschland Maximilian Götz
29%
BMW Team RBM 31 BMW Großbritannien Tom Blomqvist
14%
Keine übereinstimmenden Quizze gefunden
Verteilung der Resultate
Anzahl Personen mit jedem Resultat
Perzentil nach korrekt beantworteten Fragen
Ihre Resultats-Entwicklung
Sie haben dieses Quiz noch nicht gespielt